000 00321nam a2200121Ia 4500
008 220204s9999 xx 000 0 und d
082 _a519.2
_bCAS
100 _aCASSEKKM Claes-Mangnus
245 0 _aFoundations of inference in survey sampling
260 _aNew York
_bJohn Wiley
_c1977
650 _aSampling
942 _cBK
999 _c27468
_d27468